000 00598nam a2200181Ia 4500
003 GCL
008 140319s9999 xx 000 0 ara d
040 _aGCL /
_cGCL
082 0 4 _a219.5
_bم ب
100 1 _aمحسن احمد الخضيرى
245 1 0 _aالبنوك الاسلامية /
_cمحسن احمد الخضيرى
260 _a[S.N] :
_bدار الحرية للصحافة والطباعة والنشر ،
_c1990
300 _a369 ص
490 _aكتاب الحرية
_v0
650 0 4 _aالاسلام والبنوك
650 0 4 _aالبنوك الاسلامية
942 _2ddc
_cBK
999 _c58843
_d58843